Visualizzazione normale
Vista MARC
- Esclavitud en la literatura
di Topical Term
Records bibliografici associati: 1
001 - CONTROL NUMBER
- control field: 27171
003 - CONTROL NUMBER IDENTIFIER
- control field: IT-RoINE
005 - DATE AND TIME OF LATEST TRANSACTION
- control field: 20190617065550.0
008 - FIXED-LENGTH DATA ELEMENTS
- fixed length control field: 161024|| aca||aabn | a|a d
040 ## - CATALOGING SOURCE
- Original cataloging agency: IT-RoINE
- Transcribing agency: IT-RoINE
150 ## - HEADING--TOPICAL TERM
- Topical term or geographic name as entry element: Esclavitud en la literatura
670 ## - SOURCE DATA FOUND
- Source citation: Work cat.: (IT-RoINE)0: Camamis, George 27170, Estudios sobre el cautiverio en el siglo de oro /, [1977]